000
00383nam a22001577a 4500
003
MPLRDC
005
20220104144443.0
008
210129b ||||| |||| 00| 0 eng d
082
_a
337.07 CJB v.1
100
_a
陈金表编译
245
_a
基本电学. 上册
_c
260
_a
_b
无线电出版社
_c
300
_b
平
650
_a
电学; 电子
942
_c
BK
_o
337.07 CJB v.1
999
_c
49765
_d
49755